Language Quiz

Random Language Quiz
Score 0/21 Timer 04:00
0 Plays Today
Total Speakers Language % Correct
6.01 millionEnglish
99.5%
84,191French
97.8%
71,192Spanish
96.3%
34,712German
95.7%
26,924Russian
88.5%
49,484Italian
87.5%
70,602Arabic
87%
147,816Polish
85.5%
71,525Portuguese
82%
78,667Urdu or Hindi (Hindustani)
80.7%
31,306Greek
69.3%
Total Speakers Language % Correct
71,242Turkish
68.4%
114,267Bengali
63.6%
39,653Romanian
59.4%
39,645Farsi
55.7%
68,525Punjabi
49.5%
70,565Tamil
47.9%
101,676Gujarati
36.8%
26,603Tagalog
33.5%
35,341Lithuanian
29.5%
54,852Somali
22%
Remove Ads.
Support Sporcle.
Get the best of Sporcle when you Go Orange. This ad-free experience offers more features, more stats, and more fun while also helping to support Sporcle. Thank you for becoming a member.

You're not logged in!

Compare scores with friends on all Sporcle quizzes.
OR
Log In

Show Comments

Extras

Top Quizzes Today


Score Distribution

Your Account Isn't Verified!

In order to create a playlist on Sporcle, you need to verify the email address you used during registration. Go to your Sporcle Settings to finish the process.

Report this User

Report this user for behavior that violates our Community Guidelines.

Details: